| 000 | 00800cam a2200313 4500 | ||
|---|---|---|---|
| 008 | 090401t1996 xxu||||| |||| 00| 0 eng d | ||
| 020 | _a0406999171 | ||
| 035 | _a(Sirsi) u78701 | ||
| 041 | _aeng | ||
| 050 | _a346.411043 | ||
| 100 | _aDuncan, A.G.M. | ||
| 245 | 4 | _aThe law of property in Scotland | |
| 260 |
_aEdinburgh _bLaw Society of Scotland & Butterworths _c1996 |
||
| 300 | _a55, 655p. ; 26cm. | ||
| 350 | _a80 | ||
| 650 | _aACCESSION | ||
| 650 | _aFEUDAL SYSTEM | ||
| 650 | _aLANDOWNERSHIP | ||
| 650 | _aPROPERTY LAW | ||
| 650 | _aSCOTLAND | ||
| 650 | _aSCOTS LAW | ||
| 650 | _aSERVITUDES | ||
| 690 | _aPROPERTY LAW AND PRACTICE | ||
| 700 | _aGordon, William M | ||
| 700 | _aReid, Kenneth G.C. | ||
| 700 | _aGretton, George L | ||
| 942 | _n0 | ||
| 948 | _c03/06/1997 | ||
| 999 |
_c96469 _d96469 |
||